| 000 | 01081nam a2200289 i 4500 | ||
|---|---|---|---|
| 001 | 25970 | ||
| 003 | BD-RjUL | ||
| 005 | 20211209050943.0 | ||
| 008 | 140319s1911 enk b 001 0 eng d | ||
| 035 |
_a(BD-RjUL)26040 _a(OCoLC)1149456 |
||
| 040 |
_aABN:1 _beng _erda _cABN:1 _dABN:1 _dANL _dBD-RjUL |
||
| 041 | 0 |
_aeng _alat _afre |
|
| 082 | 0 | 4 |
_a270.608 _220 _bDOC 1911 |
| 245 | 0 | 0 |
_aDocuments illustrative of the Continental Reformation / _cedited by B.J. Kidd. |
| 260 |
_aOxford : _bClarendon Press, _c1911. |
||
| 300 |
_axix, 742 pages ; _c20 cm. |
||
| 504 | _aIncludes bibliographical references and index. | ||
| 650 | 0 |
_aReformation _xSources. _979803 |
|
| 650 | 0 |
_aReformation. _979804 |
|
| 650 | 0 | 7 |
_aReformation. _2swd _979805 |
| 650 | 7 |
_aReformation. _2fast _979806 |
|
| 700 | 1 |
_aKidd, B. J. _q(Beresford James), _d1863-1948, _eeditor. _979807 |
|
| 776 | 0 | 8 |
_iOnline version _aKidd, B. J. (Beresford James), 1863-1948. _tDocuments illustrative of the Continental Reformation. _dOxford, Clarendon Press, 1911 |
| 942 |
_2ddc _cBK |
||
| 999 |
_c25970 _d25970 |
||